| 000 | 03740nam a22012494i 4500 | ||
|---|---|---|---|
| 001 | ocn827937324 | ||
| 003 | PE-LiUPU | ||
| 005 | 20250813185634.0 | ||
| 005 | 20140606112052.0 | ||
| 008 | 130218s2013 pe a rb 000 0 spa d | ||
| 020 | _a9786124118395 | ||
| 035 | _a(Sirsi) i9786124118395 | ||
| 035 | _a(Sirsi) i9786124118395 | ||
| 035 | _a(OCoLC)827937324 | ||
| 040 |
_aPECEN _bspa _cPECEN _dCANCX _dPE-LiUPU _erda |
||
| 082 | 0 | 4 |
_a343.8 _bIV A45 |
| 082 | 0 | 4 |
_a343.8 _bA45 2013 |
| 100 | 1 | _aAlva Matteucci, Mario. | |
| 245 | 1 | 0 |
_aManual práctico del Impuesto general a las ventas IGV / _cMario Alva Matterucci. |
| 250 | _aPrimera Edición. | ||
| 264 | 1 |
_aLima : _bInstituto Pacífico S.A.C., _c2013. |
|
| 300 |
_a451, [10] páginas : _bilustraciones ; _c24 cm |
||
| 336 |
_atext _btxt _2rdacontent |
||
| 337 |
_aunmediated _bn _2rdacontent |
||
| 338 |
_avolume _bnc _2rdacarrier |
||
| 500 | _aIncluye bibliografía. | ||
| 505 | 0 | _aOpciones técnicas y métodos para determinar el valor agregado en el igv -- Ámbito de aplicación del impuesto general a las ventas: las operaciones gravadas y los conceptos no gravados -- Definiciones -- De las exoneraciones -- De los sujetos y el cálculo del impuesto -- Del impueto brutp y la base imponible -- ¿Cuáles son los requisitos exigidos para utilización del crédito fiscal? -- El reintegro del crédito fiscal -- El crédito fiscal y larealización de operacines gravadas y no gravadas: ¿Cuándo aplicar la prorrata? -- El ajuste al impuesto bruto y al crédito fiscal en el IGV -- De la declaración y del pago -- De las exportaciones -- De los medios de control, de los registros y los comprobantes de pago -- Del reintegro tributario para la Región Selva -- Disposiciones finales. | |
| 526 | _aP202 | ||
| 526 | _aP201 | ||
| 526 | _aP163 | ||
| 526 | _aP162 | ||
| 526 | _aP161 | ||
| 526 | _aP160 | ||
| 526 | _aP148 | ||
| 526 | _aP147 | ||
| 526 | _aP146 | ||
| 526 | _aP145 | ||
| 526 | _aP144 | ||
| 526 | _aP143 | ||
| 526 | _aP142 | ||
| 526 | _aP141 | ||
| 526 | _aP140 | ||
| 526 | _aP139 | ||
| 526 | _aP138 | ||
| 526 | _aP137 | ||
| 526 | _aP136 | ||
| 526 | _aP135 | ||
| 526 | _aP134 | ||
| 526 | _aP133 | ||
| 526 | _aP129 | ||
| 526 | _aP128 | ||
| 526 | _aP127 | ||
| 526 | _aP120 | ||
| 526 | _aP119 | ||
| 526 | _aP118 | ||
| 526 | _aP116 | ||
| 526 | _aP115 | ||
| 526 | _aP114 | ||
| 526 | _aP110 | ||
| 526 | _aP109 | ||
| 526 | _aP108 | ||
| 526 | _aP104 | ||
| 526 | _aP103 | ||
| 526 | _aP102 | ||
| 526 | _aP99 | ||
| 526 | _aP98 | ||
| 526 | _aP97 | ||
| 526 | _aP96 | ||
| 526 | _aP95 | ||
| 526 | _aP93 | ||
| 526 | _aP90 | ||
| 526 | _aP89 | ||
| 526 | _aP88 | ||
| 526 | _aP83 | ||
| 526 | _aP82 | ||
| 526 | _aP62 | ||
| 526 | _aP59 | ||
| 526 | _aP58 | ||
| 526 | _aP57 | ||
| 526 | _aP51 | ||
| 526 | _aP49 | ||
| 526 | _aP48 | ||
| 526 | _aP47 | ||
| 526 | _aP29 | ||
| 526 | _aP24 | ||
| 526 | _aP20 | ||
| 526 | _aP19 | ||
| 526 | _aP17 | ||
| 526 | _aP15 | ||
| 526 | _aP14 | ||
| 526 | _aP12 | ||
| 526 | _aP10 | ||
| 526 | _aP09 | ||
| 526 | _aP08 | ||
| 526 | _aP07 | ||
| 526 | _aP06 | ||
| 526 | _aP05 | ||
| 526 | _aP04 | ||
| 526 | _aP01 | ||
| 650 | 1 | 4 |
_aImpuesto general a las ventas _xLegislación _zPerú. _92641 |
| 942 |
_2ddc _cBOOK |
||
| 949 |
_i70095 _lCCODEBUL1 _mBUL _tLIBRO _o.STAFF. Colección General |
||
| 949 |
_a343.8 A45 2013 _wDEWEY _c1 _iFJ08851 _lCCODEBUJ1 _mBUJ _p0.00 _r0 _sY _tBOOK _u2017-09-28 _xFCE _0DONACIÓN _o.STAFF. Colección General Juliaca |
||
| 999 |
_c56061 _d56061 |
||
| 980 |
_81 _gALBERTO SANCHEZ Responsable de Automatización |
||